Kami anak peneroka

Bibliographic Details
Main Author: Narizah Samat
Format: Book
Published: Kuala Lumpur : DBP , 1995

MARC

LEADER 00000cam a2200000 7i4500
001 0000007323
002 000007876
005 20000330.0
020 |a 983622551X 
090 0 0 |a JF   |b NAR 
100 0 |a Narizah Samat 
245 1 0 |a Kami anak peneroka   |c Narizah Samat 
260 |a Kuala Lumpur :   |b DBP ,   |c 1995 
300 |a 82p. :   |b ill ;   |c 18cm. 
999 |a 055471   |b BUKU   |c PINJAMAN   |e PERPUSTAKAAN KOMUNITI CAW KOTA DAMANSARA